000 00332nam a2200145Ia 4500
100 _aHollingdale/S.H./ Tootill/G.I.
650 _aElectrical Engineering
942 _cBK
654 _aElectronic
245 _aElectronic Computers
260 _bPenguin Books
_aEngland
_c1965
300 _a335
546 _aENGLISH
999 _c20146
_d20146